000 00596nam a2200205Ia 4500
003 GCL
008 140319s9999 xx 000 0 ara d
040 _aGCL /
_cGCL
082 0 4 _a364
_bع م
100 1 _aعوض محمد
245 1 0 _aمبادىء علم الاجرام /
_cعوض محمد
260 _a[S.N] :
_bمؤسسة الثقافةالجامعية للطبع والنشر ،
_c1980
300 _a325 ص
490 _a
650 0 4 _aالقانون الجنائى
650 0 4 _aالجنايات
650 0 4 _aالاجرام
650 0 4 _aعلم الاجرام
942 _2ddc
_cBK
999 _c51468
_d51468